00553nam a2200145 a 450000100100000000500170001000800410002704000250006811000520009324500830014526000370022830000200026595201050028599900170039000004506620201002045841.0150130s19uu dr 000 0 spa d aDO-SdBNPbspacBNPHU1 aInstituto Dominicano de Seguros Sociales93711510aProyecto de Ley sobre seguridad social presentado al Senado de la República. aSanto Domingo :b[s.f],c[s.f.]. a63 p. ;c21 cm. 0010718PDaPDbPDcCTd2015-01-30iLF1l0o p45066-10r2020-06-25w2020-06-25yLFPDZNo se presta c44555d44555